| 000 | 00550nam a2200145Ia 4500 | ||
|---|---|---|---|
| 008 | 250506s9999 xx 000 0 und d | ||
| 024 | _a08B-114-EE, 08B-116-EE & 08B-147-EE | ||
| 082 | _a629.895072 AAY | ||
| 100 | _aAayat Imam mansoori, Sarah Imam & Syed Imad Mateen | ||
| 245 | 0 | _aOverall Equipment Effectiveness | |
| 260 |
_aKarachi: _bUIT, _c2008 |
||
| 600 | _aElectronic Engineering | ||
| 650 | _aBachelor of Engineering (BE) | ||
| 856 |
_uhttps://drive.google.com/file/d/1SdOw4h2aGdhtwwihCma8e7ookeAny_j7/view?usp=sharing _yClick Here for PDF |
||
| 999 |
_c27953 _d27953 |
||